Kde je a kam jde Turecko?
Pochybnosti o skôr nespochybniteľnej geopolitickej istote - o prozápadnej orientácii Turecka. Vláda premiéra Erdogana a jeho Strany spravodlivosti a rozvoja. Moslimizmus verzus islamizmus. Podstata tureckej zahraničnej politiky. Vzťahy s Izraelom, Iránom a Sýriou. Turecká politika voči Európe. Hra o...
Salvato in:
| Autore principale: | |
|---|---|
| Natura: | Capitolo di libro |
| Lingua: | ceco |
| Soggetti: | |
| Tags: |
Nessun Tag, puoi essere il primo ad aggiungerne!!
|
MARC
| LEADER | 00000naa a2200000 4500 | ||
|---|---|---|---|
| 001 | 0148539 | ||
| 005 | 20231016095011.1 | ||
| 041 | 0 | |a cze | |
| 044 | |a CZ | ||
| 245 | 1 | 0 | |a Kde je a kam jde Turecko? |c Václav Hubinger |
| 520 | |a Pochybnosti o skôr nespochybniteľnej geopolitickej istote - o prozápadnej orientácii Turecka. Vláda premiéra Erdogana a jeho Strany spravodlivosti a rozvoja. Moslimizmus verzus islamizmus. Podstata tureckej zahraničnej politiky. Vzťahy s Izraelom, Iránom a Sýriou. Turecká politika voči Európe. Hra o Európsku úniu s otvoreným koncom. | ||
| 610 | 2 | 0 | |a politika zahraničná |
| 610 | 2 | 0 | |a politika vnútorná |
| 610 | 2 | 0 | |a vzťahy medzinárodné |
| 610 | 2 | 0 | |a vláda |
| 610 | 2 | 0 | |a náboženstvo |
| 610 | 2 | 0 | |a islam |
| 610 | 2 | 0 | |a spolupráca medzinárodná |
| 610 | 2 | 0 | |a Turecko |
| 610 | 2 | 0 | |a Európska únia |
| 610 | 2 | 0 | |a svet |
| 100 | 1 | |a Hubinger, Václav | |